000 00780nam a2200253Ia 4500
003 OSt
005 20220923213906.0
006 a|||||r|||| 00| 0
007 ta
008 220922b |||||||| |||| 00| 0 hin d
024 _a165,465
037 _cTextual
040 _aARTS
_cARTS
_bhin
041 _2hin
_ahin
082 _aO152,1N00x, H2
100 _aआरसीप्रसाद सिंह
245 0 _aसंचायिता
246 _aSanchāyitā
260 _aमुजफ्फरपुर
_b तारामंडल
_c1942
300 _a335पृ.
_ccm.
650 _aहिन्दी साहित्य
_9156264
942 _hO152,1N00x, H2
_cTEXL
_2CC
999 _c319944
_d319944